Sellers cut prices again (Record no. 118356)
[ view plain ]
| 000 -LEADER | |
|---|---|
| fixed length control field | 01065cam a2200229 4500 |
| 001 - CONTROL NUMBER | |
| control field | WB@3612-472 |
| 008 - FIXED-LENGTH DATA ELEMENTS--GENERAL INFORMATION | |
| fixed length control field | 041123n2004 000 0 eng u |
| 035 ## - SYSTEM CONTROL NUMBER | |
| System control number | (Sirsi) u128091 |
| 245 ## - TITLE STATEMENT | |
| Title | Sellers cut prices again |
| 260 ## - PUBLICATION, DISTRIBUTION, ETC. | |
| Date of publication, distribution, etc. | 2004 |
| 490 ## - SERIES STATEMENT | |
| Series statement | Rightmove Press Release |
| Volume/sequential designation | November edition, 22 November 2004 (16) |
| 520 ## - SUMMARY, ETC. | |
| Summary, etc. | The latest "Rightmove house price index: November" shows that the average property asking price has fallen sharply this month by £3 200 to £190 329 - a drop of 1.7%. The annual rate has dropped from 13.4% to 11.6% in November 2004 and it is predicted to hit single figures by the end of this year. There are 40% more properties available now than there were in January 2004 and coupled with stable interest rates, confident buyers can negotiate good deals. http://www.rightmove.co.uk |
| 590 ## - LOCAL NOTE (RLIN) | |
| Local note | WB |
| 590 ## - LOCAL NOTE (RLIN) | |
| Local note | WB |
| 650 ## - SUBJECT ADDED ENTRY--TOPICAL TERM | |
| Topical term or geographic name entry element | RIGHTMOVE |
| 650 ## - SUBJECT ADDED ENTRY--TOPICAL TERM | |
| Topical term or geographic name entry element | HOUSE PRICE INDEX |
| 650 ## - SUBJECT ADDED ENTRY--TOPICAL TERM | |
| Topical term or geographic name entry element | HOUSE PRICE INFLATION |
| 650 ## - SUBJECT ADDED ENTRY--TOPICAL TERM | |
| Topical term or geographic name entry element | INTEREST RATES |
| 650 ## - SUBJECT ADDED ENTRY--TOPICAL TERM | |
| Topical term or geographic name entry element | PROPERTY PRICES |
| 690 ## - LOCAL SUBJECT ADDED ENTRY--TOPICAL TERM (OCLC, RLIN) | |
| Topical term or geographic name as entry element | HOUSING-HOUSE PRICES |
| 942 ## - ADDED ENTRY ELEMENTS (KOHA) | |
| Suppress in OPAC | 0 |
| Withdrawn status | Lost status | Source of classification or shelving scheme | Damaged status | Not for loan | Home library | Current library | Shelving location | Date acquired | Total Checkouts | Full call number | Barcode | Date last seen | Copy number | Price effective from | Koha item type |
|---|---|---|---|---|---|---|---|---|---|---|---|---|---|---|---|
| Dewey Decimal Classification | London | London | News article | 23/11/2004 | WB4045-10 | 128091-1001 | 06/08/2019 | 1 | 06/08/2019 | News article |